000 00878nam a2200253Ia 4500
003 OSt
005 20220923213009.0
006 a|||||r|||| 00| 0
007 ta
008 220922b |||||||| |||| 00| 0 hin d
024 _a158,189
037 _cTextual
040 _aARTS
_cARTS
_bhin
041 _2hin
_ahin
082 _aO152,3N408x, L5
100 _aहर्षित, सिम्मी
245 0 _aकमरे में बन्द आभास तथा अन्य कहनियां
246 _aKamare mean banda ābhās tathā anya kahaniyāan
260 _aदिल्ली
_b लिपि प्रकाशन
_c1975
300 _a174 पृ.
_ccm.
650 _aहिन्दी साहित्य
_9156264
942 _hO152,3N408x, L5
_cTEXL
_2CC
999 _c313006
_d313006